Countries with Irregular Demonyms - Statistics

General Stats
  • This quiz has been taken 38 times
  • The average score is 12 of 44
Answer Stats
Answer % Correct
Dutch
61%
Omani
61%
Filipino
56%
Kazakh/ Kazakhstani
56%
Pakistani
56%
Yemeni
56%
Afghan
50%
Iraqi
50%
Uzbek
50%
Bangladeshi
44%
Cypriot
44%
Kuwaiti
44%
Kyrgyzstani/ Kyrgyz
44%
Lao
44%
Nepali
44%
Turkmen
44%
Qatari
39%
Azerbaijani/ Azeri
33%
Emirati
33%
I-Kiribati
33%
Malagasy
33%
Somali
33%
Tajikistani
28%
Luxembourg
22%
Nigerien
22%
Ni-Vanuatu
17%
Seychellois
17%
Burkinabé
11%
Czech
11%
Greek/ Hellene
11%
Montenegrin
11%
Mosotho (Singular)/ Basotho
11%
Myanma/ Burmese
11%
Croat
6%
Magyar
6%
Monégasque
6%
Slovak
6%
Slovene
6%
Barundi
0%
Beninoi
0%
Kosovars
0%
Lettish
0%
Motswana (Singular), Batswana (Plural)
0%
Swazi/ Swati
0%
No matching quizzes found
Score Distribution
Percent of People with Each Score
Percentile by Number Answered
Your Score History
You have not taken this quiz